000
00305nam a22001337a 4500
020
_a
0-7214-0873-7
082
_a
823
_b
DIS/W
100
_a
DISNEY, WALT
245
_a
THE MOST GRAND ADVENTURE
_b
WINNIE THE POOH
260
_a
LONDON
_b
LADY BIRD
300
_a
43
650
_a
ENGLISH SHORT STORY
942
_c
BK
999
_c
3659
_d
3659